| 000 | 00420nam a2200169Ia 4500 | ||
|---|---|---|---|
| 008 | 221030s9999 xx 000 0 und d | ||
| 020 | _a0074622455 | ||
| 041 | _aEnglish | ||
| 082 |
_a105.23 _bMil |
||
| 100 | _aJ. Millman | ||
| 245 | 0 | _aIntegrated Electronics : Analog and Digital Circuits & Systems | |
| 260 |
_bTMH _aNew Delhi _c2002 |
||
| 300 | _a910 | ||
| 650 | _aBB ECE | ||
| 700 | _aC. C. Halkias | ||
| 942 | _cBK | ||
| 999 |
_c1203 _d1203 |
||